00593cam a2200157 i 4500082002600000100002300026245009700049250001200146260010200158300004000260490004900300500002000349526003700369650000800406650002100414 a515.63bWEAcL-4, P-21 aWeatherburn, C. E.10aAdvanced vector analysis :bwith application to mathematical physics /cby C.E. Weatherburn. aRevised aLondon :bG. Bell,c1949 ;aLaSalle, Ill. :bReprinted in U.S.A. [by] Open Court Pub. Co.,c1948. axiv, [ii], 222 p. :bill. ;c22 cm.1 aBell's mathematical series. Advanced section aIncludes index. a0b0c0d515_630000000000000_WEA 0aMCE 0aVector analysis.